000 01205nam a22003617a 4500
001 BR0404126
003 BR-BrBNA
005 20230928101712.0
007 ta
008 230509b bl.||||| |||| 00| 0 por d
040 _aBR-BrBNA
_bpor
_cBiblioteca Nacional de Agricultura
041 _a(Por)
072 _aC10; H10
_b4020
090 _ 4020 BR0404126
100 1 _aNakano, O.
110 1 _aAssociação Brasileira de Educação Agrícola Superior, Brasília, DF (Brasil)
_9275
245 1 _aCurso de proteção de plantas; módulo 4 - controle de pragas; 4.1 - noções básicas sobre pragas e métodos para seu controle; 4.2 - inorgânico, clorados, fosforados e clorofosforados
_bCurso de Especialização por Tutoria à Distância
260 3 _aBrasília, DF (Brasil):
_c1997.
300 _avp.
500 _a6 ref.
650 _aCURSO
650 _aINSETO
650 _aPRAGA DE PLANTA
650 _aCONTROLE INTEGRADO
650 _aCONTROLE BIOLÓGICO
650 _aCONTROLE MECÂNICO
650 _aCONTROLE CULTURAL
650 _aCONTROLE FÍSICO
650 _aCONTROLE QUÍMICO
650 _aVARIEDADE RESISTENTE
909 _a202309
_bLucia
_c55
_dLucia Elande
942 _cBK
999 _c67164
_d67164